BIBLIOTHÈQUE DE LA MAISON DU MEXIQUE

Logo 1 Logo 2

Impossibles demeures = Moradas imposibles (notice nᵒ 8197)

détails MARC
000 -Sello discográfico
campo de control de longitud fija 01103nam a2200325 4500
005 - Identificación de versión
campo de control 20251017062716.0
010 ## - Número Estándar Internacional de Libros (ISBN)
Número (ISBN) 2-89046-584-5 (Ecrits des Forges)
010 ## - Número Estándar Internacional de Libros (ISBN)
Número (ISBN) 970-9059-58-0 (Ediciones Sin Nombre)
099 ## - fechas locales
Tipo de ítem Koha LIBRO
100 ## - Datos de procesamiento general
Datos de procesamiento general 20250409d2000 m y1spay5003 ba
101 ## - Idioma del recurso
Idioma del texto, banda sonora, etc. Francés
-- Español; Castellano
105 ## - Campo de datos codificados: Material textual, monográfico
Datos codificados de monografía y 001gy
200 1# - Título y mención de responsabilidad
Título propio Impossibles demeures = Moradas imposibles
Designación general del material texto impreso
Primer mención de responsabilidad María Baranda
Declaración de responsabilidad subsiguiente traduction de l'espagnol Fabienne Bradu
210 ## - Publicación, distribución, etc.
Lugar de publicación, distribución, etc. Québec
-- México
Nombre del editor, distribuidor, etc. Ecrits des Forges
-- Ediciones Sin Nombre
Fecha de publicación, distribución, etc. 2000
215 ## - Descripción física
Designación de material específico y extensión del ítem 135 p
Dimensiones 21 cm
300 ## - Notas generales
Texto de la nota Edición bilingüe francés - español
300 ## - Notas generales
Texto de la nota Texto en español con traducción al francés en páginas encaradas
345 ## - Nota de información de adquisición
Fuente de adquisición/dirección de la suscripción [OBSOLETO] Donación
606 ## - Término temático usado como materia
Elemento de entrada Poesía mexicana
Subdivisión cronológica Siglo XX
Número Koha 10
660 ## - Código de área geográfica
Código MX
700 ## - Nombre personal - Responsabilidad primaria
Elemento de entrada Baranda
Parte del nombre distinta del elemento de entrada María
Fechas 1962-
Número Koha 14056
702 ## - Nombre personal - Responsabilidad secundaria
Elemento de entrada Bradu
Parte del nombre distinta del elemento de entrada Fabienne
Fechas 1954-
Número Koha 2214
801 ## - Fuente de origen
País FR
Agencia cm
Reglas de catalogación (convenciones descriptivas) AFNOR
900 ## -
-- 1/23756
900 ## -
-- 7100417642\080104
942 ## - ELEMENTOS DE ENTRADA SECUNDARIOS (KOHA)
Tipo de ítem Koha Livre
996 ## -
-- MEX
-- 751145101
-- MMAG
-- 012880
-- 861.4 B225IM
-- 20250409LIV
Exemplaires
Estatus retirado Estado de daño Estado de pérdida Fecha de adquisición Biblioteca de origen Biblioteca actual Ubicación en estantería Código de barras Precio de reemplazo Signatura topográfica completa No para préstamo Tipo de ítem Koha Nota pública Nota no pública
      05/08/2025 Casa México Paris Casa México Paris   012880 05/08/2025 861.4 B225IM   Livre 20250409LIV 751145101